Women and environment: A sociological study at culture, ecology and development (Record no. 89080)

MARC details
000 -LEADER
fixed length control field 00328nam a2200121Ia 4500
008 - FIXED-LENGTH DATA ELEMENTS--GENERAL INFORMATION
fixed length control field 230917s9999||||xx |||||||||||||| ||und||
040 ## - CATALOGING SOURCE
-- 107382
Original cataloging agency VIVEKANANDA LIBRARY
041 ## - Language
-- English
082 ## - DDC NUMBER
Classification number 301.412 S41W
100 ## - MAIN ENTRY--PERSONAL NAME
Personal name Samita
245 #0 - TITLE STATEMENT
Title Women and environment: A sociological study at culture, ecology and development
942 ## - ADDED ENTRY ELEMENTS (KOHA)
Koha item type Thesis
Holdings
Withdrawn status Lost status Damaged status Not for loan Location (home branch) Sublocation or collection (holding branch) Date acquired Koha issues (times borrowed) Koha full call number Accession No. Koha date last seen Koha item type
        VIVEKANANDA LIBRARY VIVEKANANDA LIBRARY 11/07/2005   301.412 S41W 169507 17/09/2023 Thesis
© Designed and Maintained by Vivekananda Library, MDU Rohtak